Fr. Conceicao Rodrigues College of Engineering

Mastering UMLwith rational Rose (Record no. 28140)

MARC details
000 -LEADER
fixed length control field 00282nam a2200133Ia 4500
082 ## - DEWEY DECIMAL CLASSIFICATION NUMBER
Classification number 5.13
Item number BOG
100 ## - MAIN ENTRY--PERSONAL NAME
Personal name Boggs/Wendy/ Boggs/michael
245 ## - TITLE STATEMENT
Title Mastering UMLwith rational Rose
260 ## - PUBLICATION, DISTRIBUTION, ETC.
Name of publisher, distributor, etc. BPB
Date of publication, distribution, etc. 2002
300 ## - PHYSICAL DESCRIPTION
Extent 957
546 ## - LANGUAGE NOTE
Language note ENGLISH
654 ## - SUBJECT ADDED ENTRY--FACETED TOPICAL TERMS
Focus term UML
942 ## - ADDED ENTRY ELEMENTS (KOHA)
Koha item type BOOK
Holdings
Withdrawn status Lost status Damaged status Not for loan Collection Home library Current library Date acquired Total Checkouts Full call number Barcode Date last seen Price effective from Koha item type
        CRC Fr. Agnel's C.Rodrigues College of Engineering Fr. Agnel's C.Rodrigues College of Engineering 17/03/2023   5.13 BOG 15617 17/03/2023 17/03/2023 BOOK